Normal view
MARC view
Entry Geographic Name
001 - CONTROL NUMBER
- control field: 15494
003 - CONTROL NUMBER IDENTIFIER
- control field: ARRUPE
005 - DATE AND TIME OF LATEST TRANSACTION
- control field: 20150224175646.0
008 - FIXED-LENGTH DATA ELEMENTS
- fixed length control field: 150224|| aca||aabn | a|a d
040 ## - CATALOGING SOURCE
- Original cataloging agency: ARRUPE
- Transcribing agency: ARRUPE
151 ## - HEADING--GEOGRAPHIC NAME
- Geographic name: Rome
- General subdivision: Civilization
- General subdivision: Problems, exercises, etc.
670 ## - SOURCE DATA FOUND
- Source citation: Work cat.: (ARRUPE)0: Balme, M. G. 15492, Intellegenda:, 1970.